MARC

LEADER 00000nam0a2200000 4500
001 181226
005 20231031171016.0
035 |a (RuTPU)RU\TPU\book\196458 
090 |a 181226 
100 |a 20100603d1983 m y0rusy50 ca 
101 0 |a rus 
102 |a RU 
105 |a a z 001zy 
200 1 |a Ярославский художественный музей  |e [альбом]  |f сост. И. П. Болотцева, И. Н. Федорова, Л. Я. Битколова 
210 |a Москва  |c Изобразительное искусство  |d 1983 
215 |a 172 с.  |c ил. 
225 1 |a Художественные музеи СССР 
320 |a Комментарии: с. 152-170. 
320 |a Принятые сокращения: с. 170. 
610 1 |a изобразительное искусство 
610 1 |a Ярославский художественный музей 
610 1 |a музейные собрания 
610 1 |a музейные фонды 
610 1 |a древнерусское искусство 
610 1 |a русская живопись 
610 1 |a советское искусство 
610 1 |a альбомы 
675 |a 7(069)  |v 3 
675 |a 75(084)  |v 3 
702 1 |a Болотцева  |b И. П.  |4 220 
702 1 |a Федорова  |b И. Н.  |4 220 
702 1 |a Битколова  |b Л. Я.  |4 220 
801 1 |a RU  |b 63413507  |c 20100603 
801 2 |a RU  |b 63413507  |c 20110215  |g RCR 
942 |c BK